Sociología de la lectura
Saved in:
| Main Author: | |
|---|---|
| Format: | Book |
| Language: | Spanish |
| Published: |
Barcelona
Gedisa
2004
|
| Edition: | 1a. ed |
| Series: | Colección Lea, 23
|
| Subjects: | |
| Tags: |
Add Tag
No Tags, Be the first to tag this record!
|
MARC
| LEADER | 00000nam a2200000 a 4500 | ||
|---|---|---|---|
| 001 | UCK2165 | ||
| 003 | CL-VaPUC | ||
| 008 | 041223e20041000SP |||||||||||||||||spa|d | ||
| 020 | |a 8497840208 | ||
| 082 | 0 | 4 | |a 306.488 |b LAH |2 21 |
| 100 | |a Lahire, Bernard |e author |9 542026 | ||
| 245 | 1 | 0 | |a Sociología de la lectura |
| 250 | |a 1a. ed | ||
| 300 | |a 204 p | ||
| 942 | |c BK | ||
| 945 | |d 20041223 00:00:00 |a vberengu | ||
| 260 | |a Barcelona |b Gedisa |c 2004 | ||
| 650 | 0 | |a Lectura |9 307634 | |
| 583 | |a last modification |c 20041223 00:00:00 |k Rodrigo Vera | ||
| 490 | 0 | |a Colección Lea, 23 | |
| 999 | |c 311784 |d 311782 | ||
| 952 | |0 0 |1 0 |4 0 |6 306_488000000000000_LAH_2004 |7 0 |8 A |9 381434 |a FDOPOS |b FDOPOS |d 2019-11-21 |i 4089499 |o 306.488 LAH 2004 |p 4089499 |r 2025-01-22 |w 2019-11-21 |y BK |k MLA | ||
| 952 | |0 0 |1 0 |4 0 |6 306_488000000000000_LAH_2004 |7 0 |8 A |9 381435 |a FDOPOS |b FDOPOS |d 2019-11-21 |i 413558K |o 306.488 LAH 2004 |p 413558K |r 2025-01-22 |w 2019-11-21 |y BK |k MLA | ||